000 00529nam a2200169 4500
001 126744
003 ES-MaACL
005 20230906192854.0
007 t|
008 070214s1972 sp r ||||1| spa d
245 0 3 _aEl resurgimiento de las experiencias comunitarias
_b: testimonios /
_cpresentados por Max Delespesse y André Tange.
260 _aBilbao :
_bMensajero,
_c1972.
300 _a191 p. ;
_c19 cm.
700 1 _aDelespesse, Max.
_943373
700 1 _aTange, André.
_9109189
852 _aES-MaACL
_jC-46317
_bR.80810
999 _c126744
_d126744